[Event "Bad Woerishofen op 30th"]
[Site "Bad Woerishofen"]
[Date "2014.03.23"]
[Round "4"]
[White "Natterer, Winfried"]
[Black "Frei, Markus"]
[Result "0-1"]
[WhiteElo "1831"]
[BlackElo "1958"]
[PlyCount "58"]
[EventDate "2014.03.21"]
[EventType "swiss"]
[EventRounds "9"]
[EventCountry "GER"]
[SourceTitle "CBM 159 Extra"]
[Source "ChessBase"]
[SourceDate "2014.04.24"]
[SourceVersion "1"]
[SourceVersionDate "2014.04.24"]
[SourceQuality "1"]

1. e4 c5 2. Nf3 Nc6 3. d4 cxd4 4. Nxd4 Nf6 5. Nc3 e5 6. Nb3 Bb4 7. Bg5 h6 8. Bxf6 Qxf6 9. Qd3 0-0 10. a3 Bxc3+ 11. Qxc3 d6 12. 0-0-0 Be6 13. f3 Rac8 14. Qe3 Bxb3 15. cxb3 Nd4+ 16. Kb1 b5 17. Be2 Qe6 18. Rd3 Rc2 19. Re1 Rfc8 20. Bf1 a5 21. b4 axb4 22. axb4 Ra8 23. Ra3 Rxa3 24. Qxa3 Qc8 25. h4 Rc6 26. Rd1 Ra6 27. Qc3 Qa8 28. b3 Ra3 29. Rc1 Rxb3+ 0-1

[Event "Schwaben-ch"]
[Site "Sonthofen"]
[Date "2013.11.03"]
[Round "5.5"]
[White "Steinmueller, Harald"]
[Black "Natterer, Winfried"]
[Result "0-1"]
[WhiteElo "1349"]
[BlackElo "1710"]
[PlyCount "62"]
[EventDate "2013.11.01"]
[EventType "swiss"]
[EventRounds "6"]
[EventCountry "GER"]
[SourceTitle "EXT 2022"]
[Source "ChessBase"]
[SourceDate "2021.10.06"]
[SourceVersion "1"]
[SourceVersionDate "2021.10.06"]
[SourceQuality "1"]

1. e4 e6 2. d4 d5 3. exd5 exd5 4. Be3 Nf6 5. Bd3 Bd6 6. Nf3 Bg4 7. Nbd2 Nbd7 8. c3 c6 9. Qc2 Qc7 10. h3 Bh5 11. 0-0 0-0 12. Rfe1 Rae8 13. Nh4 Bf4 14. Nf5 Bg6 15. Nf1 Ne4 16. Bxf4 Qxf4 17. N5g3 Ndf6 18. Re3 Re6 19. Rae1 Rfe8 20. Nxe4 Nxe4 21. Ng3 Nxg3 22. Rxe6 Rxe6 23. Rxe6 fxe6 24. Bxg6 hxg6 25. fxg3 Qxg3 26. Qe2 Kf7 27. Qf3+ Qxf3 28. gxf3 Kf6 29. Kg2 e5 30. Kg3 exd4 31. cxd4 Kf5 0-1

[Event "Schwaben-ch"]
[Site "Sonthofen"]
[Date "2013.11.02"]
[Round "3.12"]
[White "Koenigsberger, Hermann"]
[Black "Natterer, Winfried"]
[Result "0-1"]
[WhiteElo "1087"]
[BlackElo "1710"]
[PlyCount "84"]
[EventDate "2013.11.01"]
[EventType "swiss"]
[EventRounds "6"]
[EventCountry "GER"]
[SourceTitle "EXT 2022"]
[Source "ChessBase"]
[SourceDate "2021.10.06"]
[SourceVersion "1"]
[SourceVersionDate "2021.10.06"]
[SourceQuality "1"]

1. d4 d5 2. e3 Nf6 3. Nf3 Bg4 4. Be2 e6 5. h3 Bh5 6. Nc3 Nbd7 7. Bd2 c5 8. dxc5 Bxc5 9. a3 a6 10. b4 Be7 11. 0-0 0-0 12. Nh2 Bg6 13. Bd3 Ne5 14. Bxg6 hxg6 15. Ne2 Qd7 16. Nd4 Nc4 17. Bc3 Rac8 18. Bd2 Ne4 19. Bc1 Rc7 20. f3 Ng3 21. Rf2 Rfc8 22. Nf1 Bh4 23. Nxg3 Bxg3 24. Re2 Qe7 25. Ra2 b5 26. Bb2 Nxb2 27. Rxb2 Rc3 28. Rb3 R8c4 29. Rd2 Qc7 30. Ne2 Rxc2 31. Rxc2 Rxc2 32. Rb1 Be5 33. Rc1 Rc4 34. f4 Bf6 35. Rb1 Rc2 36. Rc1 Rc4 37. Rb1 Qb6 38. Kf2 d4 39. Qd2 dxe3+ 40. Qxe3 Qd6 41. g3 Rc2 42. Re1 Bd4 0-1

[Event "Bad Woerishofen op 29th"]
[Site "Bad Woerishofen"]
[Date "2013.03.09"]
[Round "9"]
[White "Natterer, Winfried"]
[Black "Distelrath, Oliver"]
[Result "0-1"]
[WhiteElo "1814"]
[BlackElo "1950"]
[PlyCount "66"]
[EventDate "2013.03.01"]
[EventType "swiss"]
[EventRounds "9"]
[EventCountry "GER"]
[SourceTitle "CBM 153 Extra"]
[Source "ChessBase"]
[SourceDate "2013.04.22"]
[SourceVersion "1"]
[SourceVersionDate "2013.04.22"]
[SourceQuality "1"]

1. e4 d6 2. d4 Nf6 3. Bd3 e5 4. d5 c6 5. c4 Nbd7 6. b4 a5 7. Bd2 Qb6 8. bxa5 Qd4 9. Bc3 Qa7 10. Ne2 Be7 11. 0-0 0-0 12. Nd2 Nc5 13. Nb3 Ncxe4 14. Qc2 Nxc3 15. Nxc3 Bd7 16. Rad1 Rac8 17. Qd2 Bd8 18. Ne4 Nxe4 19. Bxe4 f5 20. dxc6 Bxc6 21. Bd5+ Kh8 22. Be6 Ra8 23. Qxd6 Bxa5 24. Qxe5 Bb4 25. Qg3 f4 26. Qg4 Qxa2 27. Rd3 f3 28. Nd4 fxg2 29. Nf3 gxf1Q+ 30. Kxf1 Qb1+ 31. Ke2 Qc2+ 32. Nd2 Bxd2 33. Rh3 Bh6+ 0-1

[Event "Bayern-chB 80th"]
[Site "Immenstadt"]
[Date "2009.08.27"]
[Round "6"]
[White "Natterer, Winfried"]
[Black "Strobel, Norbert"]
[Result "0-1"]
[WhiteElo "1663"]
[BlackElo "1947"]
[PlyCount "118"]
[EventDate "2009.08.22"]
[EventType "swiss"]
[EventRounds "9"]
[EventCountry "GER"]
[SourceTitle "EXT 2015"]
[Source "ChessBase"]
[SourceDate "2014.11.20"]
[SourceVersion "1"]
[SourceVersionDate "2014.11.20"]
[SourceQuality "1"]

1. e4 g6 2. d4 Bg7 3. Nf3 d6 4. Be3 Nf6 5. Nc3 0-0 6. h3 c6 7. Bd3 b5 8. b4 a5 9. a3 Na6 10. Ne2 Bb7 11. c3 Nd7 12. 0-0 Nc7 13. Qd2 Re8 14. Bh6 Bh8 15. Nh2 e5 16. f4 exd4 17. cxd4 Ne6 18. f5 Nxd4 19. Rab1 Nxe2+ 20. Qxe2 Bd4+ 21. Kh1 Ne5 22. fxg6 hxg6 23. Ng4 Nxg4 24. Qxg4 Bc8 25. Qf3 Be6 26. Bf4 Be5 27. Rbd1 Qe7 28. Qg3 Bb3 29. Rd2 axb4 30. Bxb5 cxb5 31. Qxb3 bxa3 32. Ra2 Qe6 33. Rxa3 Rxa3 34. Qxa3 Qc4 35. Qf3 Bxf4 36. Qxf4 Rxe4 37. Qf6 Qe6 38. Qd8+ Kg7 39. Qg5 b4 40. Qd2 Qe5 41. Qa2 d5 42. Qa7 Rf4 43. Rb1 Qf5 44. Qa1+ Qf6 45. Qa2 Rf1+ 46. Rxf1 Qxf1+ 47. Kh2 Qf4+ 48. Kh1 Qc4 49. Qa1+ Qc3 50. Qa5 Qe1+ 51. Kh2 Qe5+ 52. Kh1 b3 53. Qd2 b2 54. Qd1 Qc3 55. Kh2 d4 56. Qe2 d3 57. Qd1 Qe5+ 58. Kh1 d2 59. Qc2 b1R+ 0-1

[Event "Bayern-chB 80th"]
[Site "Immenstadt"]
[Date "2009.08.25"]
[Round "4"]
[White "Braeu, Ludwig"]
[Black "Natterer, Winfried"]
[Result "1-0"]
[WhiteElo "1866"]
[BlackElo "1663"]
[PlyCount "55"]
[EventDate "2009.08.22"]
[EventType "swiss"]
[EventRounds "9"]
[EventCountry "GER"]
[SourceTitle "EXT 2015"]
[Source "ChessBase"]
[SourceDate "2014.11.20"]
[SourceVersion "1"]
[SourceVersionDate "2014.11.20"]
[SourceQuality "1"]

1. c4 e6 2. Nf3 d5 3. e3 Nf6 4. b3 Be7 5. Bb2 0-0 6. Be2 Nbd7 7. d3 c6 8. Nbd2 Qc7 9. Qc2 Re8 10. 0-0 Bf8 11. d4 e5 12. dxe5 Ng4 13. cxd5 Ndxe5 14. h3 Nxf3+ 15. Nxf3 Nxe3 16. fxe3 Qg3 17. Bd3 Rxe3 18. Bxh7+ Kh8 19. Qf2 Rxf3 20. Qxf3 Qxf3 21. Rxf3 Kxh7 22. Rxf7 Kg8 23. Raf1 Bc5+ 24. Kh1 Bxh3 25. Rxg7+ Kh8 26. Rxb7+ Kg8 27. Rg7+ Kh8 28. Rxa7+ 1-0

[Event "Bad Woerishofen op 25th"]
[Site "Bad Woerishofen"]
[Date "2009.03.09"]
[Round "5"]
[White "Natterer, Winfried"]
[Black "Oud, Niek"]
[Result "0-1"]
[WhiteElo "1815"]
[BlackElo "2032"]
[PlyCount "59"]
[EventDate "2009.03.05"]
[EventType "swiss"]
[EventRounds "9"]
[EventCountry "GER"]
[SourceTitle "CBM 129 Extra"]
[Source "ChessBase"]
[SourceDate "2009.05.05"]
[SourceVersion "2"]
[SourceVersionDate "2009.05.20"]
[SourceQuality "1"]

1. e4 c5 2. Nf3 Nc6 3. d4 cxd4 4. Nxd4 Nf6 5. Nc3 d6 6. Be2 e5 7. Nb3 Be7 8. Be3 0-0 9. 0-0 Be6 10. f3 a6 11. Nd5 Bxd5 12. exd5 Na5 13. c4 Nxb3 14. Qxb3 Qd7 15. a4 Nh5 16. f4 Nxf4 17. Bxf4 exf4 18. Rxf4 Bf6 19. Rb1 Rfe8 20. Bf3 Re7 21. Qb4 Rae8 22. Rf1 Re5 23. b3 Qe7 24. Rd4 Re3 25. Rdd1 Qc7 26. h3 Bc3 27. Qa3 Qb6 28. Kh2 Bf6 29. Rb1 Qd4 30. g3 0-1

[Event "Bad Woerishofen op 19th"]
[Site "Bad Woerishofen"]
[Date "2003.03.17"]
[Round "5"]
[White "Natterer, Winfried"]
[Black "Seidel, Sandra"]
[Result "1/2-1/2"]
[WhiteElo "1493"]
[BlackElo "1814"]
[PlyCount "50"]
[EventDate "2003.03.13"]
[EventType "swiss"]
[EventRounds "9"]
[EventCountry "GER"]
[SourceTitle "CBM 093 Extra"]
[Source "ChessBase"]
[SourceDate "2003.05.09"]
[SourceVersion "1"]
[SourceVersionDate "2003.05.09"]
[SourceQuality "1"]

1. e4 e6 2. d4 d5 3. e5 c5 4. c3 Nc6 5. Nf3 Bd7 6. a3 Qb6 7. b4 cxd4 8. cxd4 f6 9. Nc3 Nge7 10. Na4 Qc7 11. Bf4 a6 12. Nc5 Ng6 13. Nxd7 Qxd7 14. Bg3 f5 15. Nh4 Nxh4 16. Bxh4 Qf7 17. f4 Be7 18. Bf2 0-0 19. Be2 Nxb4 20. axb4 Bxb4+ 21. Kf1 b5 22. g3 Rfb8 23. Kg2 a5 24. Qd3 Bf8 25. Rhb1 b4 1/2-1/2

[Event "Bad Woerishofen op 19th"]
[Site "Bad Woerishofen"]
[Date "2003.03.16"]
[Round "4"]
[White "Hajenius, Willem"]
[Black "Natterer, Winfried"]
[Result "1-0"]
[WhiteElo "2017"]
[BlackElo "1493"]
[PlyCount "61"]
[EventDate "2003.03.13"]
[EventType "swiss"]
[EventRounds "9"]
[EventCountry "GER"]
[SourceTitle "CBM 093 Extra"]
[Source "ChessBase"]
[SourceDate "2003.05.09"]
[SourceVersion "1"]
[SourceVersionDate "2003.05.09"]
[SourceQuality "1"]

1. d4 d5 2. c4 e6 3. Nc3 Nf6 4. Nf3 Be7 5. e3 0-0 6. b3 b6 7. Be2 Bb7 8. 0-0 c5 9. Bb2 Nbd7 10. Qc2 Re8 11. Rad1 h6 12. Rfe1 Qc7 13. cxd5 exd5 14. Nb5 Qc6 15. Ne5 Nxe5 16. dxe5 Nd7 17. Qf5 a6 18. e6 fxe6 19. Qg6 Bf6 20. Nc3 Nf8 21. Qg3 Rad8 22. Bh5 Re7 23. e4 d4 24. e5 Bg5 25. Ne4 Nh7 26. h4 Bxh4 27. Qxh4 Rf8 28. Qxe7 Ng5 29. f3 g6 30. Nxg5 hxg5 31. Bxg6 1-0

[Event "Bad Woerishofen op 19th"]
[Site "Bad Woerishofen"]
[Date "2003.03.14"]
[Round "2"]
[White "Mittelsteiner, Horst"]
[Black "Natterer, Winfried"]
[Result "1/2-1/2"]
[WhiteElo "1997"]
[BlackElo "1493"]
[PlyCount "41"]
[EventDate "2003.03.13"]
[EventType "swiss"]
[EventRounds "9"]
[EventCountry "GER"]
[SourceTitle "CBM 093 Extra"]
[Source "ChessBase"]
[SourceDate "2003.05.09"]
[SourceVersion "1"]
[SourceVersionDate "2003.05.09"]
[SourceQuality "1"]

1. e4 e6 2. d4 d5 3. e5 c5 4. c3 Nc6 5. Nf3 Qb6 6. a3 Bd7 7. b4 cxd4 8. cxd4 Rc8 9. Bb2 Nge7 10. Nc3 Na5 11. Na4 Bxa4 12. Qxa4+ Nac6 13. Rc1 a6 14. Bd3 g6 15. 0-0 Bg7 16. h4 0-0 17. Qd1 f6 18. Qe2 fxe5 19. dxe5 Nf5 20. h5 Ng3 21. Qd2 1/2-1/2

[Event "Bad Woerishofen op 19th"]
[Site "Bad Woerishofen"]
[Date "2003.03.13"]
[Round "1"]
[White "Natterer, Winfried"]
[Black "Schellmann, Frank"]
[Result "0-1"]
[WhiteElo "1493"]
[BlackElo "2115"]
[PlyCount "88"]
[EventDate "2003.03.13"]
[EventType "swiss"]
[EventRounds "9"]
[EventCountry "GER"]
[SourceTitle "CBM 093 Extra"]
[Source "ChessBase"]
[SourceDate "2003.05.09"]
[SourceVersion "1"]
[SourceVersionDate "2003.05.09"]
[SourceQuality "1"]

1. e4 c6 2. d4 d5 3. e5 Bf5 4. Nf3 e6 5. Bd3 Bxd3 6. Qxd3 Nd7 7. 0-0 Ne7 8. b3 Qb6 9. Bb2 c5 10. c3 Nc6 11. Nbd2 Be7 12. Rab1 0-0 13. Rfe1 Rfc8 14. a3 Nf8 15. b4 c4 16. Qc2 a5 17. Bc1 axb4 18. axb4 Qb5 19. Nf1 Ra4 20. Bb2 Rca8 21. h3 Nd7 22. Ne3 Nb6 23. Rf1 R8a6 24. Nd2 Na7 25. f4 Ra2 26. Nf3 Qa4 27. Qf2 Nb5 28. Ra1 Qb3 29. Rfb1 Rxa1 30. Rxa1 Rxa1+ 31. Bxa1 Nxc3 32. Bxc3 Qxc3 33. f5 Qxb4 34. f6 Bf8 35. Ng4 Qb1+ 36. Kh2 h5 37. Nh6+ gxh6 38. Nh4 Qe4 39. Qg3+ Kh7 40. Qf2 c3 41. Nf3 c2 42. Qf1 Qf4+ 43. g3 Qe3 44. Nh4 Qd2+ 0-1